| 000 | 00681nam a2200145 a 4500 | ||
|---|---|---|---|
| 001 | 000029204 | ||
| 005 | 20200930055409.0 | ||
| 008 | 110414s1922 dr 000 0 spa d | ||
| 040 |
_aDO-SdBNP _bspa _cBNPHU |
||
| 082 |
_axxxx _bO33 |
||
| 245 | 0 | 0 |
_aMi ofrenda : _bdiscurso pronunciado por el canónigo Don Armando Lamarche y Marchena en su parroquia de La Concepción de La Vega el día 21 de enero de 1920, al inaugurar, solemnemente él culto iniciado por él y aprobado por la Superior Curia Eclesiástica de la Adoración Perpetua de Nuestra Señora de la Altagracia. |
| 260 |
_aSanto Domingo : _bRafael V. Montalvo. Editor, _c1922. |
||
| 300 |
_a17 p. ; _c21 cm. |
||
| 049 | _aBNPD | ||
| 999 |
_c28696 _d28696 |
||